Statistics for Every Liverpool Player Since 2000

Click here to take the quiz!

General Stats

  • This quiz has been taken 116 times
    (101 since last reset)
  • The average score is 449 of 718

Answer Stats

% Correct
2022/23RWEgyptMohamed Salah5130
100%
2017/18RWEgyptMohamed Salah5244
100%
2021/22RWEgyptMohamed Salah5131
100%
2020/21RWEgyptMohamed Salah5131
100%
2019/20RWEgyptMohamed Salah4823
100%
2018/19RWEgyptMohamed Salah5227
100%
2001/02CMEnglandSteven Gerrard454
100%
2009/10CMEnglandSteven Gerrard4912
100%
2008/09CMEnglandSteven Gerrard4424
100%
2010/11CMEnglandSteven Gerrard248
100%
2003/04CMEnglandSteven Gerrard476
100%
2007/08CMEnglandSteven Gerrard5221
100%
2000/01CMEnglandSteven Gerrard5010
100%
2006/07CMEnglandSteven Gerrard5111
100%
2011/12CMEnglandSteven Gerrard288
100%
2014/15CMEnglandSteven Gerrard4113
100%
2005/06CMEnglandSteven Gerrard5323
100%
2004/05CMEnglandSteven Gerrard4313
100%
2013/14CMEnglandSteven Gerrard3914
100%
2002/03CMEnglandSteven Gerrard547
100%
2012/13CMEnglandSteven Gerrard4611
100%
2017/18RBEnglandTrent Alexander-Arnold333
100%
2016/17RBEnglandTrent Alexander-Arnold12
100%
2021/22RBEnglandTrent Alexander-Arnold472
100%
2022/23RBEnglandTrent Alexander-Arnold474
100%
2019/20RBEnglandTrent Alexander-Arnold494
100%
2020/21RBEnglandTrent Alexander-Arnold452
100%
2018/19RBEnglandTrent Alexander-Arnold401
100%
2022/23GKBrazilAlisson Becker47
98%
2019/20GKBrazilAlisson Becker37
98%
2018/19GKBrazilAlisson Becker51
98%
2020/21GKBrazilAlisson Becker421
98%
2021/22GKBrazilAlisson Becker54
98%
2022/23LBScotlandAndrew Robertson43
98%
2017/18LBScotlandAndrew Robertson301
98%
2021/22LBScotlandAndrew Robertson473
98%
2019/20LBScotlandAndrew Robertson493
98%
2018/19LBScotlandAndrew Robertson48
98%
2020/21LBScotlandAndrew Robertson501
98%
2020/21LWSenegalSadio Mane4816
98%
2021/22LWSenegalSadio Mane5123
98%
2018/19LWSenegalSadio Mane5026
98%
2019/20LWSenegalSadio Mane4722
98%
2016/17LWSenegalSadio Mane2913
98%
2017/18LWSenegalSadio Mane4420
98%
2020/21CBNetherlandsVirgil van Dijk81
98%
2017/18CBNetherlandsVirgil van Dijk221
98%
2019/20CBNetherlandsVirgil van Dijk505
98%
2022/23CBNetherlandsVirgil van Dijk413
98%
2018/19CBNetherlandsVirgil van Dijk506
98%
2021/22CBNetherlandsVirgil van Dijk513
98%
2022/23STUruguayDarwin Nunez4215
97%
2018/19STBelgiumDivock Origi217
97%
2017/18STBelgiumDivock Origi1
97%
2020/21STBelgiumDivock Origi171
97%
2021/22STBelgiumDivock Origi186
97%
2015/16STBelgiumDivock Origi3310
97%
2019/20STBelgiumDivock Origi426
97%
2016/17STBelgiumDivock Origi4311
97%
2022/23DMBrazilFabinho49
97%
2018/19DMBrazilFabinho411
97%
2019/20DMBrazilFabinho392
97%
2021/22DMBrazilFabinho488
97%
2020/21DMBrazilFabinho42
97%
2019/20CMEnglandJordan Henderson404
97%
2015/16CMEnglandJordan Henderson262
97%
2018/19CMEnglandJordan Henderson441
97%
2012/13CMEnglandJordan Henderson446
97%
2013/14CMEnglandJordan Henderson405
97%
2017/18CMEnglandJordan Henderson411
97%
2021/22CMEnglandJordan Henderson573
97%
2022/23CMEnglandJordan Henderson43
97%
2011/12CMEnglandJordan Henderson482
97%
2014/15CMEnglandJordan Henderson547
97%
2016/17CMEnglandJordan Henderson271
97%
2020/21CMEnglandJordan Henderson281
97%
2004/05RWSpainAntonio Nunez271
95%
2020/21CMNetherlandsGeorginio Wijnaldum513
93%
2018/19CMNetherlandsGeorginio Wijnaldum475
93%
2016/17CMNetherlandsGeorginio Wijnaldum426
93%
2019/20CMNetherlandsGeorginio Wijnaldum476
93%
2017/18CMNetherlandsGeorginio Wijnaldum502
93%
2015/16CMEnglandJames Milner457
93%
2022/23CMEnglandJames Milner43
93%
2020/21CMEnglandJames Milner36
93%
2019/20CMEnglandJames Milner374
93%
2016/17CMEnglandJames Milner407
93%
2017/18CMEnglandJames Milner471
93%
2021/22CMEnglandJames Milner39
93%
2018/19CMEnglandJames Milner457
93%
2019/20CBEnglandJoe Gomez43
93%
2017/18CBEnglandJoe Gomez31
93%
2022/23CBEnglandJoe Gomez31
93%
2016/17CBEnglandJoe Gomez3
93%
2018/19CBEnglandJoe Gomez25
93%
2020/21CBEnglandJoe Gomez12
93%
2021/22CBEnglandJoe Gomez21
93%
2015/16CBEnglandJoe Gomez7
93%
2020/21CBCameroonJoel Matip121
93%
2018/19CBCameroonJoel Matip311
93%
2019/20CBCameroonJoel Matip132
93%
2016/17CBCameroonJoel Matip321
93%
2022/23CBCameroonJoel Matip212
93%
2017/18CBCameroonJoel Matip351
93%
2021/22CBCameroonJoel Matip433
93%
2017/18STBrazilRoberto Firmino5427
93%
2020/21STBrazilRoberto Firmino489
93%
2021/22STBrazilRoberto Firmino3511
93%
2015/16STBrazilRoberto Firmino4911
93%
2022/23STBrazilRoberto Firmino3513
93%
2019/20STBrazilRoberto Firmino5212
93%
2018/19STBrazilRoberto Firmino4816
93%
2016/17STBrazilRoberto Firmino4112
93%
2011/12STUruguayLuis Suarez3917
92%
2013/14STUruguayLuis Suarez3731
92%
2012/13STUruguayLuis Suarez4430
92%
2010/11STUruguayLuis Suarez134
92%
2022/23CMGuineaNaby Keita13
92%
2021/22CMGuineaNaby Keita404
92%
2018/19CMGuineaNaby Keita333
92%
2019/20CMGuineaNaby Keita274
92%
2020/21CMGuineaNaby Keita16
92%
2022/23CMSpainThiago Alcantara28
92%
2021/22CMSpainThiago Alcantara392
92%
2020/21CMSpainThiago Alcantara301
92%
2020/21LWPortugalDiogo Jota3013
90%
2021/22LWPortugalDiogo Jota5521
90%
2022/23LWPortugalDiogo Jota287
90%
2016/17DMGermanyEmre Can405
90%
2015/16DMGermanyEmre Can492
90%
2017/18DMGermanyEmre Can386
90%
2014/15DMGermanyEmre Can401
90%
2021/22CBFranceIbrahima Konate293
90%
2022/23CBFranceIbrahima Konate24
90%
2021/22LWColombiaLuis Diaz266
90%
2022/23LWColombiaLuis Diaz215
90%
2015/16GKBelgiumSimon Mignolet55
90%
2018/19GKBelgiumSimon Mignolet2
90%
2014/15GKBelgiumSimon Mignolet54
90%
2016/17GKBelgiumSimon Mignolet31
90%
2017/18GKBelgiumSimon Mignolet22
90%
2013/14GKBelgiumSimon Mignolet40
90%
2022/23LWNetherlandsCody Gakpo267
88%
2014/15STEnglandDaniel Sturridge185
88%
2012/13STEnglandDaniel Sturridge1611
88%
2015/16STEnglandDaniel Sturridge2513
88%
2013/14STEnglandDaniel Sturridge3325
88%
2017/18STEnglandDaniel Sturridge143
88%
2016/17STEnglandDaniel Sturridge277
88%
2018/19STEnglandDaniel Sturridge274
88%
2018/19CBCroatiaDejan Lovren181
88%
2016/17CBCroatiaDejan Lovren322
88%
2019/20CBCroatiaDejan Lovren151
88%
2017/18CBCroatiaDejan Lovren432
88%
2014/15CBCroatiaDejan Lovren381
88%
2015/16CBCroatiaDejan Lovren391
88%
2012/13CBEnglandJamie Carragher38
88%
2011/12CBEnglandJamie Carragher31
88%
2008/09CBEnglandJamie Carragher54
88%
2009/10CBEnglandJamie Carragher53
88%
2001/02CBEnglandJamie Carragher53
88%
2010/11CBEnglandJamie Carragher38
88%
2002/03CBEnglandJamie Carragher54
88%
2004/05CBEnglandJamie Carragher56
88%
2003/04CBEnglandJamie Carragher29
88%
2006/07CBEnglandJamie Carragher511
88%
2005/06CBEnglandJamie Carragher571
88%
2000/01CBEnglandJamie Carragher58
88%
2007/08CBEnglandJamie Carragher55
88%
2022/23LBGreeceKostas Tsimikas28
88%
2021/22LBGreeceKostas Tsimikas26
88%
2020/21LBGreeceKostas Tsimikas7
88%
2017/18GKGermanyLoris Karius33
88%
2016/17GKGermanyLoris Karius16
88%
2013/14CBSlovakiaMartin Skrtel397
88%
2011/12CBSlovakiaMartin Skrtel454
88%
2009/10CBSlovakiaMartin Skrtel291
88%
2010/11CBSlovakiaMartin Skrtel492
88%
2014/15CBSlovakiaMartin Skrtel481
88%
2008/09CBSlovakiaMartin Skrtel30
88%
2015/16CBSlovakiaMartin Skrtel271
88%
2007/08CBSlovakiaMartin Skrtel20
88%
2012/13CBSlovakiaMartin Skrtel332
88%
2010/11STSpainFernando Torres269
87%
2007/08STSpainFernando Torres4633
87%
2009/10STSpainFernando Torres3222
87%
2008/09STSpainFernando Torres3817
87%
2000/01STEnglandMichael Owen4624
87%
2003/04STEnglandMichael Owen3819
87%
2001/02STEnglandMichael Owen4328
87%
2002/03STEnglandMichael Owen5428
87%
2014/15LWBrazilPhilippe Coutinho528
87%
2016/17LWBrazilPhilippe Coutinho3614
87%
2015/16LWBrazilPhilippe Coutinho4312
87%
2017/18LWBrazilPhilippe Coutinho2012
87%
2012/13LWBrazilPhilippe Coutinho133
87%
2013/14LWBrazilPhilippe Coutinho375
87%
2013/14LWEnglandRaheem Sterling3810
87%
2011/12LWEnglandRaheem Sterling3
87%
2012/13LWEnglandRaheem Sterling362
87%
2014/15LWEnglandRaheem Sterling5211
87%
2010/11GKSpainPepe Reina50
85%
2005/06GKSpainPepe Reina53
85%
2009/10GKSpainPepe Reina52
85%
2008/09GKSpainPepe Reina51
85%
2011/12GKSpainPepe Reina46
85%
2006/07GKSpainPepe Reina51
85%
2007/08GKSpainPepe Reina52
85%
2012/13GKSpainPepe Reina39
85%
2021/22LWJapanTakumi Minamino2410
85%
2019/20LWJapanTakumi Minamino14
85%
2020/21LWJapanTakumi Minamino174
85%
2018/19AMSwitzerlandXherdan Shaqiri306
85%
2019/20AMSwitzerlandXherdan Shaqiri111
85%
2020/21AMSwitzerlandXherdan Shaqiri221
85%
2021/22AMEnglandHarvey Elliott111
83%
2022/23AMEnglandHarvey Elliott465
83%
2020/21AMEnglandHarvey Elliott1
83%
2019/20AMEnglandHarvey Elliott8
83%
2006/07GKPolandJerzy Dudek6
83%
2001/02GKPolandJerzy Dudek49
83%
2003/04GKPolandJerzy Dudek38
83%
2004/05GKPolandJerzy Dudek41
83%
2005/06GKPolandJerzy Dudek6
83%
2002/03GKPolandJerzy Dudek46
83%
2007/08DMSpainXabi Alonso272
83%
2005/06DMSpainXabi Alonso535
83%
2008/09DMSpainXabi Alonso474
83%
2006/07DMSpainXabi Alonso514
83%
2004/05DMSpainXabi Alonso323
83%
2014/15LBSpainAlberto Moreno412
82%
2017/18LBSpainAlberto Moreno27
82%
2016/17LBSpainAlberto Moreno18
82%
2018/19LBSpainAlberto Moreno5
82%
2015/16LBSpainAlberto Moreno501
82%
2021/22CMEnglandAlex Oxlade-Chamberlain293
82%
2022/23CMEnglandAlex Oxlade-Chamberlain131
82%
2018/19CMEnglandAlex Oxlade-Chamberlain2
82%
2020/21CMEnglandAlex Oxlade-Chamberlain171
82%
2019/20CMEnglandAlex Oxlade-Chamberlain438
82%
2017/18CMEnglandAlex Oxlade-Chamberlain425
82%
2012/13GKAustraliaBrad Jones15
82%
2010/11GKAustraliaBrad Jones2
82%
2014/15GKAustraliaBrad Jones5
82%
2011/12GKAustraliaBrad Jones2
82%
2013/14GKAustraliaBrad Jones3
82%
2018/19CMEnglandCurtis Jones1
82%
2021/22CMEnglandCurtis Jones271
82%
2019/20CMEnglandCurtis Jones123
82%
2022/23CMEnglandCurtis Jones233
82%
2020/21CMEnglandCurtis Jones344
82%
2012/13DMBrazilLucas Leiva31
82%
2007/08DMBrazilLucas Leiva321
82%
2010/11DMBrazilLucas Leiva471
82%
2008/09DMBrazilLucas Leiva393
82%
2014/15DMBrazilLucas Leiva32
82%
2013/14DMBrazilLucas Leiva29
82%
2016/17DMBrazilLucas Leiva311
82%
2011/12DMBrazilLucas Leiva15
82%
2015/16DMBrazilLucas Leiva40
82%
2009/10DMBrazilLucas Leiva501
82%
2016/17RBEnglandNathaniel Clyne41
82%
2017/18RBEnglandNathaniel Clyne5
82%
2018/19RBEnglandNathaniel Clyne5
82%
2015/16RBEnglandNathaniel Clyne522
82%
2013/14CBIvory CoastKolo Toure24
80%
2015/16CBIvory CoastKolo Toure261
80%
2014/15CBIvory CoastKolo Toure21
80%
2003/04GKWalesPaul Jones2
80%
2002/03CBFinlandSami Hyypia565
80%
2000/01CBFinlandSami Hyypia584
80%
2008/09CBFinlandSami Hyypia192
80%
2007/08CBFinlandSami Hyypia444
80%
2003/04CBFinlandSami Hyypia515
80%
2005/06CBFinlandSami Hyypia592
80%
2001/02CBFinlandSami Hyypia575
80%
2004/05CBFinlandSami Hyypia493
80%
2006/07CBFinlandSami Hyypia293
80%
2016/17AMEnglandAdam Lallana358
78%
2015/16AMEnglandAdam Lallana497
78%
2017/18AMEnglandAdam Lallana15
78%
2019/20AMEnglandAdam Lallana221
78%
2018/19AMEnglandAdam Lallana16
78%
2014/15AMEnglandAdam Lallana416
78%
2008/09RWNetherlandsDirk Kuyt5115
78%
2006/07RWNetherlandsDirk Kuyt4814
78%
2007/08RWNetherlandsDirk Kuyt4811
78%
2011/12RWNetherlandsDirk Kuyt445
78%
2010/11RWNetherlandsDirk Kuyt4115
78%
2009/10RWNetherlandsDirk Kuyt5311
78%
2021/22GKSpainAdrian1
77%
2022/23GKSpainAdrian1
77%
2020/21GKSpainAdrian6
77%
2019/20GKSpainAdrian18
77%
2015/16STBelgiumChristian Benteke4210
77%
2008/09CBDenmarkDaniel Agger262
77%
2010/11CBDenmarkDaniel Agger21
77%
2013/14CBDenmarkDaniel Agger232
77%
2007/08CBDenmarkDaniel Agger6
77%
2009/10CBDenmarkDaniel Agger361
77%
2005/06CBDenmarkDaniel Agger4
77%
2006/07CBDenmarkDaniel Agger434
77%
2012/13CBDenmarkDaniel Agger393
77%
2011/12CBDenmarkDaniel Agger342
77%
2010/11DMArgentinaJavier Mascherano1
77%
2006/07DMArgentinaJavier Mascherano11
77%
2009/10DMArgentinaJavier Mascherano481
77%
2008/09DMArgentinaJavier Mascherano38
77%
2007/08DMArgentinaJavier Mascherano411
77%
2015/16CMWalesJoe Allen373
77%
2013/14CMWalesJoe Allen261
77%
2012/13CMWalesJoe Allen372
77%
2014/15CMWalesJoe Allen321
77%
2007/08LBNorwayJohn Arne Riise44
77%
2003/04LBNorwayJohn Arne Riise35
77%
2006/07LBNorwayJohn Arne Riise485
77%
2001/02LBNorwayJohn Arne Riise568
77%
2004/05LBNorwayJohn Arne Riise578
77%
2005/06LBNorwayJohn Arne Riise524
77%
2002/03LBNorwayJohn Arne Riise566
77%
2020/21GKIrelandCaoimhin Kelleher5
75%
2019/20GKIrelandCaoimhin Kelleher4
75%
2021/22GKIrelandCaoimhin Kelleher8
75%
2022/23GKIrelandCaoimhin Kelleher4
75%
2014/15STItalyMario Balotelli284
75%
2020/21CBTurkeyOzan Kabak13
75%
2014/15RBEnglandGlen Johnson281
73%
2011/12RBEnglandGlen Johnson291
73%
2009/10RBEnglandGlen Johnson353
73%
2012/13RBEnglandGlen Johnson432
73%
2013/14RBEnglandGlen Johnson30
73%
2010/11RBEnglandGlen Johnson352
73%
2005/06LWAustraliaHarry Kewell413
73%
2004/05LWAustraliaHarry Kewell311
73%
2003/04LWAustraliaHarry Kewell4911
73%
2007/08LWAustraliaHarry Kewell15
73%
2006/07LWAustraliaHarry Kewell31
73%
2020/21CBEnglandNathaniel Phillips201
73%
2022/23CBEnglandNathaniel Phillips5
73%
2019/20CBEnglandNathaniel Phillips1
73%
2021/22CBEnglandNathaniel Phillips3
73%
2016/17CBEstoniaRagnar Klavan251
73%
2017/18CBEstoniaRagnar Klavan281
73%
2009/10RWIsraelYossi Benayoun459
73%
2008/09RWIsraelYossi Benayoun429
73%
2007/08RWIsraelYossi Benayoun4711
73%
2014/15CBFranceMamadou Sakho27
72%
2015/16CBFranceMamadou Sakho342
72%
2013/14CBFranceMamadou Sakho191
72%
2003/04STCzech RepublicMilan Baros182
72%
2004/05STCzech RepublicMilan Baros4513
72%
2001/02STCzech RepublicMilan Baros1
72%
2002/03STCzech RepublicMilan Baros4212
72%
2005/06STCzech RepublicMilan Baros2
72%
2004/05STFranceDjibril Cisse255
70%
2005/06STFranceDjibril Cisse5419
70%
2014/15RWSerbiaLazar Markovic343
70%
2012/13STEnglandAndy Carroll2
68%
2010/11STEnglandAndy Carroll92
68%
2011/12STEnglandAndy Carroll479
68%
2014/15LWItalyFabio Borini181
68%
2012/13LWItalyFabio Borini202
68%
2000/01CBGermanyMarkus Babbel606
67%
2001/02CBGermanyMarkus Babbel6
67%
2002/03CBGermanyMarkus Babbel7
67%
2014/15DMWalesMJ Williams1
67%
2019/20RBWalesNeco Williams11
67%
2020/21RBWalesNeco Williams14
67%
2021/22RBWalesNeco Williams8
67%
2005/06STEnglandPeter Crouch4913
67%
2007/08STEnglandPeter Crouch3711
67%
2006/07STEnglandPeter Crouch4918
67%
2020/21CBEnglandRhys Williams19
67%
2006/07STEnglandRobbie Fowler237
67%
2000/01STEnglandRobbie Fowler4817
67%
2005/06STEnglandRobbie Fowler165
67%
2001/02STEnglandRobbie Fowler174
67%
2009/10LWNetherlandsRyan Babel386
67%
2010/11LWNetherlandsRyan Babel172
67%
2008/09LWNetherlandsRyan Babel424
67%
2007/08LWNetherlandsRyan Babel4910
67%
2000/01AMCzech RepublicVladimir Smicer497
65%
2001/02AMCzech RepublicVladimir Smicer355
65%
2004/05AMCzech RepublicVladimir Smicer161
65%
2002/03AMCzech RepublicVladimir Smicer341
65%
2003/04AMCzech RepublicVladimir Smicer254
65%
2006/07RBSpainAlvaro Arbeloa141
63%
2008/09RBSpainAlvaro Arbeloa431
63%
2007/08RBSpainAlvaro Arbeloa41
63%
2022/23AMPortugalFabio Carvalho213
63%
2014/15LBSpainJose Enrique9
63%
2012/13LBSpainJose Enrique352
63%
2013/14LBSpainJose Enrique9
63%
2015/16LBSpainJose Enrique3
63%
2011/12LBSpainJose Enrique43
63%
2004/05RWSpainLuis Garcia4413
63%
2005/06RWSpainLuis Garcia5011
63%
2006/07RWSpainLuis Garcia276
63%
2022/23DMSpainStefan Bajcetic191
62%
2010/11CMPortugalRaul Meireles415
60%
2011/12CMPortugalRaul Meireles3
60%
2006/07RBIrelandSteve Finnan47
60%
2004/05RBIrelandSteve Finnan521
60%
2003/04RBIrelandSteve Finnan31
60%
2005/06RBIrelandSteve Finnan52
60%
2007/08RBIrelandSteve Finnan35
60%
2011/12LWWalesCraig Bellamy379
58%
2006/07LWWalesCraig Bellamy429
58%
2010/11CBScotlandDanny Wilson8
58%
2011/12CBScotlandDanny Wilson1
58%
2005/06DMGermanyDietmar Hamann32
58%
2004/05DMGermanyDietmar Hamann431
58%
2003/04DMGermanyDietmar Hamann353
58%
2000/01DMGermanyDietmar Hamann533
58%
2001/02DMGermanyDietmar Hamann481
58%
2002/03DMGermanyDietmar Hamann422
58%
2010/11AMEnglandJoe Cole323
58%
2012/13AMEnglandJoe Cole102
58%
2014/15STEnglandRickie Lambert363
58%
2008/09STIrelandRobbie Keane287
58%
2019/20CBNetherlandsSepp van den Berg4
58%
2020/21RWWalesHarry Wilson1
57%
2016/17RWWalesHarry Wilson1
57%
2013/14STSpainIago Aspas151
57%
2010/11LWArgentinaMaxi Rodriguez3510
57%
2009/10LWArgentinaMaxi Rodriguez171
57%
2011/12LWArgentinaMaxi Rodriguez216
57%
2011/12CBUruguaySebastian Coates121
57%
2012/13CBUruguaySebastian Coates121
57%
2012/13LWEnglandStewart Downing455
57%
2011/12LWEnglandStewart Downing462
57%
2016/17STEnglandDanny Ings2
55%
2017/18STEnglandDanny Ings141
55%
2015/16STEnglandDanny Ings93
55%
2001/02STEnglandEmile Heskey5614
55%
2000/01STEnglandEmile Heskey5622
55%
2003/04STEnglandEmile Heskey4712
55%
2002/03STEnglandEmile Heskey529
55%
2011/12RBEnglandJon Flanagan8
55%
2013/14RBEnglandJon Flanagan251
55%
2010/11RBEnglandJon Flanagan7
55%
2017/18RBEnglandJon Flanagan1
55%
2012/13RBEnglandJon Flanagan2
55%
2015/16RBEnglandJon Flanagan8
55%
2020/21DMSerbiaMarko Grujic21
55%
2016/17DMSerbiaMarko Grujic8
55%
2017/18DMSerbiaMarko Grujic6
55%
2013/14RMNigeriaVictor Moses222
55%
2022/23RWScotlandBen Doak5
53%
2013/14LBAustraliaBrad Smith1
53%
2015/16LBAustraliaBrad Smith101
53%
2001/02CBMaliDjimi Traore1
53%
2003/04CBMaliDjimi Traore111
53%
2004/05CBMaliDjimi Traore42
53%
2002/03CBMaliDjimi Traore49
53%
2000/01CBMaliDjimi Traore12
53%
2005/06CBMaliDjimi Traore24
53%
2017/18STEnglandDominic Solanke271
53%
2007/08LBBrazilFabio Aurelio291
53%
2008/09LBBrazilFabio Aurelio333
53%
2006/07LBBrazilFabio Aurelio25
53%
2009/10LBBrazilFabio Aurelio23
53%
2010/11LBBrazilFabio Aurelio21
53%
2011/12LBBrazilFabio Aurelio3
53%
2004/05STSpainFernando Morientes153
52%
2005/06STSpainFernando Morientes469
52%
2006/07RBEnglandJames Smith1
52%
2014/15RWEnglandJordon Ibe14
52%
2012/13RWEnglandJordon Ibe1
52%
2013/14RWEnglandJordon Ibe2
52%
2015/16RWEnglandJordon Ibe414
52%
2010/11CMItalyAlberto Aquilani2
50%
2009/10CMItalyAlberto Aquilani262
50%
2007/08SSUkraineAndriy Voronin286
48%
2009/10SSUkraineAndriy Voronin12
48%
2011/12CMScotlandCharlie Adam352
48%
2012/13CMScotlandCharlie Adam2
48%
2021/22RBNorthern IrelandConor Bradley5
48%
2002/03STSenegalEl-Hadji Diouf476
48%
2003/04STSenegalEl-Hadji Diouf33
48%
2010/11CMEnglandJonjo Shelvey21
48%
2011/12CMEnglandJonjo Shelvey162
48%
2012/13CMEnglandJonjo Shelvey325
48%
2005/06DMMaliMohamed Sissoko45
48%
2007/08DMMaliMohamed Sissoko141
48%
2006/07DMMaliMohamed Sissoko28
48%
2012/13DMTurkeyNuri Sahin123
48%
2022/23RBScotlandCalvin Ramsay2
47%
2010/11STFranceDavid N'Gog388
47%
2008/09STFranceDavid N'Gog193
47%
2009/10STFranceDavid N'Gog378
47%
2006/07RWEnglandJermaine Pennant521
47%
2008/09RWEnglandJermaine Pennant4
47%
2007/08RWEnglandJermaine Pennant252
47%
2008/09LMSpainAlbert Riera405
45%
2009/10LMSpainAlbert Riera16
45%
2005/06LWNetherlandsBoudewijn Zenden172
45%
2006/07LWNetherlandsBoudewijn Zenden30
45%
2007/08CBArgentinaEmiliano Insua3
45%
2006/07CBArgentinaEmiliano Insua2
45%
2008/09CBArgentinaEmiliano Insua13
45%
2009/10CBArgentinaEmiliano Insua441
45%
2000/01CMScotlandGary McAllister497
45%
2001/02CMScotlandGary McAllister382
45%
2001/02STFranceNicolas Anelka225
45%
2015/16GKWalesDanny Ward2
43%
2017/18GKWalesDanny Ward1
43%
2011/12RBEnglandMartin Kelly201
43%
2013/14RBEnglandMartin Kelly8
43%
2010/11RBEnglandMartin Kelly23
43%
2009/10RBEnglandMartin Kelly3
43%
2012/13RBEnglandMartin Kelly7
43%
2008/09RBEnglandMartin Kelly1
43%
2001/02AMCzech RepublicPatrik Berger311
43%
2000/01AMCzech RepublicPatrik Berger212
43%
2002/03AMCzech RepublicPatrik Berger41
43%
2015/16GKHungaryAdam Bogdan6
42%
2000/01CMEnglandDanny Murphy4610
42%
2002/03CMEnglandDanny Murphy5612
42%
2003/04CMEnglandDanny Murphy428
42%
2001/02CMEnglandDanny Murphy568
42%
2000/01AMFinlandJari Litmanen112
42%
2001/02AMFinlandJari Litmanen327
42%
2014/15RBSpainJavier Manquillo19
42%
2018/19RBNetherlandsKi-Jana Hoever1
42%
2019/20RBNetherlandsKi-Jana Hoever31
42%
2003/04CBSwitzerlandStephane Henchoz27
42%
2001/02CBSwitzerlandStephane Henchoz56
42%
2002/03CBSwitzerlandStephane Henchoz32
42%
2004/05CBSwitzerlandStephane Henchoz4
42%
2000/01CBSwitzerlandStephane Henchoz53
42%
2013/14CBFranceAly Cissokho19
40%
2004/05SSFranceFlorent Sinama Pongolle264
40%
2005/06SSFranceFlorent Sinama Pongolle163
40%
2003/04SSFranceFlorent Sinama Pongolle232
40%
2006/07SSFranceFlorent Sinama Pongolle1
40%
2013/14CMSpainLuis Alberto12
40%
2006/07LWChileMark Gonzalez363
40%
2019/20STEnglandRhian Brewster3
40%
2020/21STEnglandRhian Brewster1
40%
2001/02GKNetherlandsSander Westerveld3
40%
2000/01GKNetherlandsSander Westerveld61
40%
2004/05GKEnglandScott Carson5
40%
2005/06GKEnglandScott Carson4
40%
2010/11DMDenmarkChristian Poulsen21
38%
2003/04DMCroatiaIgor Biscan39
38%
2004/05DMCroatiaIgor Biscan352
38%
2001/02DMCroatiaIgor Biscan10
38%
2000/01DMCroatiaIgor Biscan211
38%
2002/03DMCroatiaIgor Biscan13
38%
2012/13LWMoroccoOussama Assaidi12
38%
2008/09LMItalyAndrea Dossena262
37%
2009/10LMItalyAndrea Dossena5
37%
2016/17AMWalesBen Woodburn91
37%
2017/18AMWalesBen Woodburn2
37%
2022/23CMEnglandBobby Clark2
37%
2008/09DMEnglandJay Spearing2
37%
2012/13DMEnglandJay Spearing3
37%
2011/12DMEnglandJay Spearing25
37%
2009/10DMEnglandJay Spearing5
37%
2010/11DMEnglandJay Spearing20
37%
2010/11LBEnglandPaul Konchesky18
37%
2002/03DMSenegalSalif Diao402
37%
2004/05DMSenegalSalif Diao141
37%
2003/04DMSenegalSalif Diao7
37%
2009/10CBGreeceSotirios Kyrgiakos211
37%
2010/11CBGreeceSotirios Kyrgiakos282
37%
2015/16CBSierra LeoneSteven Caulker4
37%
2012/13RWSpainSuso20
37%
2014/15RWSpainSuso11
37%
2012/13CBEnglandConor Coady2
35%
2001/02CMEnglandJamie Redknapp82
35%
2015/16RWEnglandSheyi Ojo111
35%
2016/17RWEnglandSheyi Ojo2
35%
2003/04CMFranceBruno Cheyrou194
33%
2002/03CMFranceBruno Cheyrou291
33%
2002/03GKEnglandChris Kirkland15
33%
2001/02GKEnglandChris Kirkland4
33%
2004/05GKEnglandChris Kirkland14
33%
2003/04GKEnglandChris Kirkland12
33%
2011/12GKBrazilDoni4
33%
2019/20AMWalesIsaac Christie-Davies1
33%
2004/05STEnglandNeil Mellor165
33%
2002/03STEnglandNeil Mellor61
33%
2008/09RBSwitzerlandPhilipp Degen2
33%
2009/10RBSwitzerlandPhilipp Degen11
33%
2003/04STFranceAnthony Le Tallec231
32%
2005/06STFranceAnthony Le Tallec2
32%
2004/05STFranceAnthony Le Tallec7
32%
2015/16AMPortugalJoao Teixeira71
32%
2013/14AMPortugalJoao Teixeira1
32%
2010/11LWSerbiaMilan Jovanovic182
32%
2006/07RWMoroccoNabil El Zhar3
32%
2007/08RWMoroccoNabil El Zhar31
32%
2009/10RWMoroccoNabil El Zhar7
32%
2008/09RWMoroccoNabil El Zhar19
32%
2001/02RBPortugalAbel Xavier152
30%
2002/03RBPortugalAbel Xavier6
30%
2022/23CMBrazilArthur Melo1
30%
2000/01LMGermanyChrstian Ziege322
30%
2021/22RWEnglandKaide Gordon41
30%
2000/01CBCameroonRigobert Song4
30%
2006/07LBEnglandStephen Warnock7
30%
2004/05LBEnglandStephen Warnock30
30%
2005/06LBEnglandStephen Warnock301
30%
2005/06CBSpainJosemi12
28%
2004/05CBSpainJosemi23
28%
2016/17DMJamaicaKevin Stewart9
28%
2015/16DMJamaicaKevin Stewart11
28%
2022/23STEnglandLayton Stewart1
28%
2007/08DMFranceDamien Plessis2
27%
2009/10DMFranceDamien Plessis1
27%
2008/09DMFranceDamien Plessis51
27%
2006/07RBNetherlandsJan Kromkamp1
27%
2005/06RBNetherlandsJan Kromkamp17
27%
2004/05CBArgentinaMauricio Pellegrino13
27%
2001/02LMEnglandNick Barmby12
27%
2000/01LMEnglandNick Barmby468
27%
2021/22LBWalesOwen Beck2
27%
2021/22DMEnglandTyler Morton9
27%
2000/01RBNorwayVegard Heggem4
27%
2013/14RBEnglandAndre Wisdom3
25%
2012/13RBEnglandAndre Wisdom191
25%
2014/15DMEnglandJordan Rossiter11
25%
2015/16DMEnglandJordan Rossiter4
25%
2015/16DMSpainPedro Chirivella5
25%
2019/20DMSpainPedro Chirivella6
25%
2018/19RWPortugalRafael Camacho2
25%
2015/16CBPortugalTiago Ilori3
25%
2010/11RWEnglandTom Ince1
25%
2020/21CBFranceBilly Koumetio1
23%
2021/22CBFranceBilly Koumetio1
23%
2015/16CMEnglandCameron Brannagan9
22%
2004/05CMIrelandDarren Potter10
22%
2005/06CMIrelandDarren Potter7
22%
2012/13STEnglandJerome Sinclair1
22%
2014/15STEnglandJerome Sinclair2
22%
2015/16STEnglandJerome Sinclair21
22%
2001/02RBEnglandStephen Wright171
22%
2000/01RBEnglandStephen Wright4
22%
2016/17RBEnglandConnor Randall1
20%
2015/16RBEnglandConnor Randall7
20%
2006/07CBItalyGabriel Paletta81
20%
2003/04CMEnglandJohn Welsh2
20%
2002/03CMEnglandJohn Welsh1
20%
2004/05CMEnglandJohn Welsh7
20%
2007/08GKFranceCharles Itandje7
18%
2009/10CBSpainDaniel Ayala5
18%
2009/10GKBrazilDiego Cavalieri4
18%
2010/11GKBrazilDiego Cavalieri2
18%
2008/09GKBrazilDiego Cavalieri4
18%
2012/13CBEnglandJack Robinson6
18%
2011/12CBEnglandJack Robinson2
18%
2010/11CBEnglandJack Robinson2
18%
2009/10CBEnglandJack Robinson1
18%
2001/02GKFrancePegguy Arphexad4
18%
2000/01GKFrancePegguy Arphexad2
18%
2015/16RWSpainSergi Canos1
18%
2005/06RBSpainAntonio Barragan1
17%
2010/11DMSpainDani Pacheco7
17%
2009/10DMSpainDani Pacheco7
17%
2012/13DMSpainDani Pacheco3
17%
2016/17LMEnglandOvie Ejaria8
17%
2012/13STGermanySamed Yesil2
17%
2000/01STNetherlandsErik Meijer3
15%
2021/22AMGermanyMelkamu Frauendorf1
13%
2022/23AMGermanyMelkamu Frauendorf1
13%
2000/01LBIrelandSteve Staunton2
13%
2004/05CBUnited StatesZak Whitbread4
13%
2005/06CBUnited StatesZak Whitbread3
13%
2001/02LWFranceBernard Diomede1
12%
2000/01LWFranceBernard Diomede4
12%
2006/07GKItalyDaniele Padelli1
12%
2004/05RBEnglandDavid Raven3
12%
2005/06RBEnglandDavid Raven1
12%
2000/01LBFranceGregory Vignal7
12%
2002/03LBFranceGregory Vignal4
12%
2001/02LBFranceGregory Vignal9
12%
2003/04RBEnglandJon Otsemobor5
12%
2002/03RBEnglandJon Otsemobor1
12%
2019/20DMEnglandLeighton Clarkson2
12%
2020/21DMEnglandLeighton Clarkson1
12%
2006/07CBSpainMiki Roque1
12%
2015/16LWEnglandRyan Kent1
12%
2009/10RBEnglandStephen Darby3
12%
2008/09RBEnglandStephen Darby2
12%
2010/11RBEnglandStephen Darby1
12%
2019/20LBFranceYasser Larouci2
12%
2012/13STEnglandAdam Morgan3
10%
2006/07CMEnglandDanny Guthrie7
10%
2019/20LWCanadaLiam Millar1
10%
2009/10STEnglandNathan Eccleston2
10%
2010/11STEnglandNathan Eccleston7
10%
2003/04GKFrancePatrice Luzi1
10%
2007/08LWArgentinaSebastian Leto4
10%
2019/20CMEnglandHerbie Kane2
8%
2007/08CBEnglandJack Hobbs5
8%
2019/20CMEnglandElijah Dixon-Bonner1
7%
2021/22CMEnglandElijah Dixon-Bonner2
7%
2006/07RBEnglandLee Peltier4
7%
2004/05RWEnglandMark Smyth1
7%
2019/20CBWalesMorgan Boyes2
7%
2000/01RMIrelandRichie Partridge1
7%
2004/05RMIrelandRichie Partridge2
7%
2019/20LBEnglandAdam Lewis1
5%
2001/02CBNorwayFrode Kippe1
5%
2019/20CMEnglandJake Cain1
5%
2019/20STEnglandJoe Hardy1
5%
2010/11RWEnglandDavid Amoo1
3%
2019/20RWEnglandJack Bearne1
3%
2019/20LBEnglandJames Norris1
3%
2021/22LBEnglandJames Norris1
3%
2015/16LBEnglandJoe Maguire1
3%
2010/11STFinlandLauri Dalla Valle1
3%
2019/20RWEnglandLuis Longstaff1
3%
2021/22STEnglandMax Woltman2
3%
2019/20LBScotlandTony Gallacher1
3%
2021/22RWEnglandHarvey Blair1
2%

Score Distribution

Percentile by Number Answered

Percent of People with Each Score

Your Score History

You have not taken this quiz since the last reset